U.S. Cabinet Departments - Sudden Death - Statistics

General Stats
  • This quiz has been taken 1,330 times
    44 since last reset
  • The average score is 10 of 15
Answers on the Grid
Answers color-coded by a green-red scale on the quiz's grid according to % correct below.
Agriculture
Anti-Communism
Art
Artificial Intelligence
Children and Youth
Commerce
Culture
Cybersecurity
Diversity, Equity, Inclusion, and Acceptance
Education
Energy
Entertainment
Exterior
Health and Human Services
Homeland Security
Housing and Urban Development
Idleness and Sloth
Interior
Justice
Labor
National Drug Control Policy
Offense
Peace
Post Office
Rainbows and Unicorns
Robotics
S.H.I.E.L.D.
Sports and Recreation
State
Technology
Thought Police
Transportation
Treasury
Truth
Veterans Affairs
War
 
Answer Stats
Answer % Correct
Agriculture
93%
Education
79%
Homeland Security
79%
Commerce
72%
Labor
69%
Energy
66%
Health and Human Services
66%
Interior
66%
Justice
66%
State
62%
Transportation
62%
Treasury
62%
Housing and Urban Development
59%
Veterans Affairs
59%
War
55%
No matching quizzes found
Score Distribution
Percent of People with Each Score
Percentile by Number Answered
Your Score History
You have not taken this quiz since the last reset